| 000 | 00666nam a2200205 a 4500 | ||
|---|---|---|---|
| 001 | 000300545 | ||
| 003 | AM-YeHGA | ||
| 005 | 20250618071934.0 | ||
| 008 | 040117s1995 ai 000 | arm d | ||
| 020 | _a5807910494 | ||
| 040 | _aAM-YeHGA | ||
| 041 | 0 | _aarm | |
| 100 | 1 |
_aՏեր-Գուլանյան, Մերուժան Սարգսի, _d1948- _92441 |
|
| 245 | 1 | 0 |
_aԶրո ժամ / _cՄ. Տեր-Գուլանյան. |
| 260 |
_aԵրևան : _b«ԱՐ» ՍՊԸ, _c1995. |
||
| 300 |
_a233 էջ : _bլուսանկ. ; _c17 սմ. |
||
| 650 | 1 | 4 |
_aՀայ գրականություն _xՊատմվածք |
| 650 | 1 | 4 |
_aՀայ գրականություն _xԷսսե |
| 090 | _c111985 | ||
| 999 |
_c110649 _d110649 |
||